Inducible gene expression

Bibliographic Details
Other Authors: Baeuerle, Patrick Alexander
Format: Book
Language:English
Published: Boston Birkhauser
Series:Progress in gene expression
Subjects:
LEADER 01291nam a2200349 u 4500
001 10021548
003 upatras
005 20210117205547.0
008 990123m1995 gs eng
020 |a 0817638008  |q (set ) 
020 |a 0817637281  |q (v.1) 
020 |a 0817637346  |q (v.2) 
040 |a GR-PaULI  |c GR-PaULI 
041 0 |a eng 
082 0 4 |a 572.865 
245 1 0 |a Inducible gene expression  |c edited by P. A. Baeuerle 
260 |a Boston  |b Birkhauser 
300 |a 1 v.  |b fig., tab.  |c 25 cm. 
490 1 |a Progress in gene expression 
504 |a Includes bibliographical references and index 
505 1 |a v.2. Hormonal signals. - xii, 284 p. - 1995 -- 
650 4 |a Έκφραση γονιδίων  |9 51297 
650 4 |a Γονίδια  |9 15275 
650 4 |a Ορμόνες  |9 7852 
700 1 |a Baeuerle, Patrick Alexander  |9 146139 
760 0 |a Progress in gene expression 
852 |a GR-PaULI  |b ΠΑΤΡΑ  |b ΒΚΠ  |b ΒΣ1  |k ΑΣΧΞ  |h 572.865 BAE  |m 042689  |p 025000054270  |t 1  |3 v.2 
942 |2 ddc  |c BK15 
952 |0 0  |1 0  |3 v.2  |4 0  |6 572_865000000000000_BAE  |7 0  |9 183867  |a LISP  |b LISP  |c BSC  |d 2016-04-24  |i 042689  |l 0  |o 572.865 BAE  |p 025000054270  |r 2016-04-24 00:00:00  |t 1  |w 2016-04-24  |y BK15 
998 |c ΟΡΦΑΝΟΥ  |d 2010-06 
998 |c ΗΛΙΟΠΟΥΛΟΥ  |d 1999-04 
999 |c 113434  |d 113434